[Event "Kowalewo Pomorskie op-B"]
[Site "Kowalewo Pomorskie"]
[Date "2008.07.04"]
[Round "1.2"]
[White "Grota, Mateusz"]
[Black "Siwon, Bogdan"]
[Result "0-1"]
[WhiteElo "1767"]
[BlackElo "1995"]
[PlyCount "64"]
[EventDate "2008.07.04"]
[EventType "swiss"]
[EventRounds "9"]
[EventCountry "POL"]
[SourceTitle "EXT 2023"]
[Source "ChessBase"]
[SourceDate "2022.10.05"]
[SourceVersion "1"]
[SourceVersionDate "2022.10.05"]
[SourceQuality "1"]

1. e4 d5 2. exd5 Qxd5 3. Nc3 Qd6 4. d4 Nf6 5. Bc4 a6 6. Bb3 e6 7. Nge2 b5 8. a3 Bb7 9. f3 Nbd7 10. Bf4 Qb6 11. Qd2 c5 12. d5 c4 13. dxe6 fxe6 14. Ba2 Bc5 15. 0-0-0 e5 16. Rhe1 Bf2 17. Ng3 Bxe1 18. Qxe1 0-0 19. Be3 Qe6 20. Qe2 Nd5 21. Nge4 Nxc3 22. Nxc3 Rfe8 23. Qf2 Rac8 24. h4 Nf6 25. Bb1 e4 26. fxe4 Nxe4 27. Nxe4 Qxe4 28. Bd4 Rf8 29. Qg3 Qxg2 30. Qxg2 Bxg2 31. c3 Rce8 32. Rg1 Rf1+ 0-1

[Event "Kowalewo Pomorskie op-A"]
[Site "Kowalewo Pomorskie"]
[Date "2007.07.09"]
[Round "8"]
[White "Siwon, Bogdan"]
[Black "Klugiewicz, Jozef"]
[Result "1/2-1/2"]
[WhiteElo "2021"]
[BlackElo "2033"]
[PlyCount "50"]
[EventDate "2007.07.04"]
[EventType "swiss"]
[EventRounds "9"]
[EventCountry "POL"]
[SourceTitle "CBM 119 Extra"]
[Source "ChessBase"]
[SourceDate "2007.09.04"]
[SourceVersion "1"]
[SourceVersionDate "2007.09.04"]
[SourceQuality "1"]

1. d4 Nf6 2. c4 d6 3. Nc3 e5 4. dxe5 dxe5 5. Qc2 Nc6 6. Bg5 Nd4 7. Qd2 h6 8. Bxf6 Qxf6 9. e3 Ne6 10. Nf3 Bb4 11. a3 Bxc3 12. Qxc3 e4 13. Nd4 a6 14. c5 0-0 15. Rc1 Nxd4 16. exd4 Rd8 17. Rd1 Bg4 18. Rd2 c6 19. Be2 Bxe2 20. Kxe2 Rd5 21. Rhd1 Rad8 22. Qe3 Qe6 23. Kf1 f5 24. f3 Re8 25. Kg1 Rd7 1/2-1/2